01297nam a2200325Ia 4500001001200000003000800012006001900020007001500039008004100054010001700095020001800112020001500130040002100145035002100166050002600187100001900213245012000232260004500352300002400397500004200421533015200463650006300615650003800678650001900716655002900735700004700764710001700811856012600828999001700954ebr10282720CaPaEBRm u cr cn|||||||||070907s2009 maua s 001 0 eng d z 2007938250 z9781598634334 z159863433X aCaPaEBRcCaPaEBR a(OCoLC)56784727314aTK7881.4b.H64 2009eb1 aHogan, Harlan.10aVoice actor's guide to recording at home and on the roadh[electronic resource] /cHarlan Hogan, Jeffrey P. Fisher. aBoston, MA :bCourse Technology,cc2009. axix, 275 p. :bill. aIncludes index and guide to websites. aElectronic reproduction.bPalo Alto, Calif. :cebrary,d2009.nAvailable via World Wide Web.nAccess may be limited to ebrary affiliated libraries. 0aSoundxRecording and reproducingvHandbooks, manuals, etc. 0aVoice-oversxVocational guidance. 0aSound studios. 7aElectronic books.2local1 aFisher, Jeffrey P.q(Jeffrey Paul),d1963-2 aebrary, Inc.40uhttp://site.ebrary.com/lib/rucke/Doc?id=10282720zAn electronic book accessible through the World Wide Web; click to view c18520d18520